| 000 | 00461nam a2200169Ia 4500 | ||
|---|---|---|---|
| 999 |
_c14402 _d14402 |
||
| 082 | _aRR 915.456003 GAZ; | ||
| 245 | 0 | _aGazetteer of rural Delhi | |
| 260 |
_aDelhi _bDelhi Administration _c1987 |
||
| 300 | _aviii, 446p.: photographs and m | ||
| 504 | _aIncludes index | ||
| 650 | _aRural Delhi | ||
| 650 | _aDelhi - Gazetteers | ||
| 650 | _aDelhi - History | ||
| 650 | _aDelhi - Social life and customs | ||
| 700 | _aThapliyal, Uma Prasad | ||
| 942 | _cBK | ||